Analytical public finance: (Record no. 27476)

MARC details
000 -LEADER
fixed length control field 01067nam a22002897a 4500
005 - DATE AND TIME OF LATEST TRANSACTION
control field 20090615161339.0
008 - FIXED-LENGTH DATA ELEMENTS--GENERAL INFORMATION
fixed length control field 090512t xxu||||| |||| 00| 0 eng d
010 ## - LCCN (DPL NO)
LC control number ENG-94015
020 ## - INTERNATIONAL STANDARD BOOK NUMBER
International Standard Book Number 9788173815645
Terms of availability 240.00
020 ## - INTERNATIONAL STANDARD BOOK NUMBER
International Standard Book Number 817381564X
Terms of availability 240.00
035 ## - SYSTEM CONTROL NUMBER
System control number EN-77548
037 ## - SOURCE OF ACQUISITION
Source of stock number/acquisition DBAD / PUB
040 ## - CATALOGING SOURCE
Original cataloging agency dpl
Language of cataloging English
082 ## - DEWEY DECIMAL CLASSIFICATION NUMBER
Classification number 336
100 ## - MAIN ENTRY--PERSONAL NAME
Personal name Mukherjee, Sampat
245 ## - TITLE STATEMENT
Title Analytical public finance:
Statement of responsibility, etc by Sampat Mukherjee, Amitava Ghosh [and] Ranjanendra N. Nag
Remainder of title public economics-public choice-public policies: Ricardo to Musgrave /
260 ## - PUBLICATION, DISTRIBUTION, ETC. (IMPRINT)
Place of publication, distribution, etc Kolkata
Name of publisher, distributor, etc New Central Book Agency
Date of publication, distribution, etc 2008
270 ## - ADDRESS
Address 8/1, Chintamoni Das Lane,
City Kolkata
Postal code 700009
300 ## - PHYSICAL DESCRIPTION
Extent vii, 292p.
Dimensions 26cm(pbk)
500 ## - GENERAL NOTE
General note Includes glossary
650 ## - SUBJECT ADDED ENTRY--TOPICAL TERM
Topical term or geographic name as entry element Finance, public
650 ## - SUBJECT ADDED ENTRY--TOPICAL TERM
Topical term or geographic name as entry element Social choice
700 ## - ADDED ENTRY--PERSONAL NAME
Personal name Ghose, Amitava
700 ## - ADDED ENTRY--PERSONAL NAME
Personal name Nag, Ranjanendra N.
942 ## - ADDED ENTRY ELEMENTS (KOHA)
Source of classification or shelving scheme Dewey Decimal Classification
Item type English Books
Call number suffix MUK
Classification part 336
Holdings
Withdrawn status Lost status Source of classification or shelving scheme Damaged status Not for loan Collection code Home library Current library Date acquired Source of acquisition Cost, normal purchase price Total Checkouts Full call number Barcode Date last seen Copy number Cost, replacement price Koha item type
    Dewey Decimal Classification   Not For Loan Non-fiction D.B.Act.Division D.B.Act.Division 15/06/2009 DBAD / PUB 240.00   336 MUK EN-77548 15/06/2009 1 240.00 English Books

© Delhi Public Library
Hit Counter
free hit counter